[Event "Junior Online 4NCL Division 5"]
[Site "online"]
[Date "2020.04.30"]
[Round "3.88"]
[White "Gadhia, Sai"]
[Black "Chen, Yourui"]
[Result "0-1"]
[WhiteElo "775"]
[BlackElo "1270"]
[PlyCount "70"]
[EventDate "2020.04.30"]
[WhiteTeam "Blue Foxes 2"]
[BlackTeam "Ojays G"]

1. e4 e5 2. Nf3 Nc6 3. Nc3 Nf6 4. Bb5 d6 5. g4 Nxg4 6. h3 Nf6 7. d4 Bd7 8. dxe5
dxe5 9. h4 a6 10. Bc4 Be6 11. Bd3 Bb4 12. Qd2 Nd4 13. a3 Nxf3+ 14. Kd1 Nxd2 15.
Bxd2 Bxc3 16. Bxc3 Bg4+ 17. f3 Bxf3+ 18. Kd2 Bxh1 19. Rxh1 Nxe4+ 20. Ke3 Nxc3
21. bxc3 O-O 22. a4 f5 23. h5 f4+ 24. Ke2 f3+ 25. Kd2 e4 26. Ke3 exd3 27. cxd3
Qe7+ 28. Kd4 f2 29. Rf1 Qh4+ 30. Kd5 Rad8+ 31. Kc5 Qxh5+ 32. Kb4 c5+ 33. Ka3
Qe2 34. Rxf2 Rxf2 35. a5 Qa2# 0-1

[Event "Junior Online 4NCL Division 5"]
[Site "online"]
[Date "2020.04.30"]
[Round "3.89"]
[White "Dissanayake, Sathsara"]
[Black "Deeke, James"]
[Result "0-1"]
[WhiteElo "850"]
[BlackElo "1360"]
[PlyCount "54"]
[EventDate "2020.04.30"]
[WhiteTeam "Blue Foxes 2"]
[BlackTeam "Ojays G"]

1. e4 e5 2. Nf3 Nc6 3. Bb5 a6 4. Bxc6 bxc6 5. Nxe5 Qe7 6. d4 Nf6 7. Bg5 Bb7 8.
Bxf6 Qxf6 9. Nc3 Bb4 10. a3 Bxc3+ 11. bxc3 Qe7 12. Rb1 Rb8 13. f3 O-O 14. Ng4
Qxa3 15. Rb3 Qe7 16. O-O d6 17. Qb1 Rfe8 18. Rxb7 Rxb7 19. Qxb7 Qd7 20. Rb1 h6
21. Qb8 Rxb8 22. Rxb8+ Kh7 23. Ra8 c5 24. dxc5 dxc5 25. Rxa6 Qb5 26. Ra7 c4 27.
Rxc7 Qb6+ 0-1

[Event "Junior Online 4NCL Division 5"]
[Site "online"]
[Date "2020.04.30"]
[Round "3.90"]
[White "Liu, Franklin"]
[Black "Mittal, Aarav"]
[Result "1-0"]
[WhiteElo "1300"]
[BlackElo "812"]
[PlyCount "101"]
[EventDate "2020.04.30"]
[WhiteTeam "Ojays G"]
[BlackTeam "Blue Foxes 2"]

1. e4 e5 2. Nf3 Nf6 3. Nxe5 Nc6 4. Nxc6 bxc6 5. Nc3 Bb4 6. e5 Ng8 7. Bc4 d5 8.
exd6 cxd6 9. Qe2+ Qe7 10. Qxe7+ Kxe7 11. d3 d5 12. Bb3 c5 13. Bd2 d4 14. Nd5+
Kd6 15. Nxb4 cxb4 16. Bxb4+ Ke5 17. O-O Nf6 18. Rfe1+ Kf5 19. Re4 Nxe4 20.
dxe4+ Kxe4 21. Re1+ Kf4 22. g3+ Kg4 23. Re4+ Kf3 24. Rxd4 Be6 25. Rd3+ Ke4 26.
Re3+ Kd4 27. Bxe6 fxe6 28. Rxe6 Rae8 29. Rd6+ Ke5 30. f4+ Kf5 31. Rd7 Kg4 32.
Rxg7+ Kh5 33. Rg5+ Kh6 34. g4 Re1+ 35. Kf2 Rhe8 36. Bxe1 Rxe1 37. Kxe1 a5 38.
Rxa5 Kg6 39. h4 h6 40. Ra6+ Kh7 41. h5 Kg7 42. f5 Kf7 43. Rxh6 Kg7 44. Ra6 Kh7
45. h6 Kh8 46. Ra7 Kg8 47. g5 Kh8 48. c4 Kg8 49. c5 Kf8 50. h7 Ke8 51. h8=Q#
1-0

[Event "Junior Online 4NCL Division 5"]
[Site "online"]
[Date "2020.04.30"]
[Round "3.91"]
[White "Jackson, Will"]
[Black "Webb, Tom"]
[Result "0-1"]
[WhiteElo "850"]
[BlackElo "1285"]
[PlyCount "82"]
[EventDate "2020.04.30"]
[WhiteTeam "Blue Foxes 2"]
[BlackTeam "Ojays G"]

1. d4 d5 2. Bg5 h6 3. Bf4 Nf6 4. Nc3 e6 5. Nf3 Nbd7 6. Ne5 Nxe5 7. Bxe5 c6 8.
e4 Be7 9. exd5 exd5 10. Bd3 O-O 11. O-O Bd6 12. g3 Bh3 13. Re1 Bxe5 14. dxe5
Nd7 15. Re3 Be6 16. Kg2 d4 17. Re4 dxc3 18. bxc3 Bd5 19. Qg4 Bxe4+ 20. Bxe4
Nxe5 21. Qf5 Ng6 22. Rb1 Rb8 23. Rb4 Qg5 24. Qf3 c5 25. Rc4 Nh4+ 26. Kh3 Nxf3
27. Bxf3 Qf5+ 28. Kg2 Qxc2 29. g4 Qxa2 30. Rf4 Qe6 31. h3 g6 32. h4 g5 33. hxg5
hxg5 34. Re4 Qf6 35. c4 Rfe8 36. Rxe8+ Rxe8 37. Bxb7 Qd4 38. Bc6 Qxg4+ 39. Kf1
Re2 40. Bd5 a5 41. f3 Qg2# 0-1

[Event "Junior Online 4NCL Division 5"]
[Site "online"]
[Date "2020.04.30"]
[Round "3.92"]
[White "Chen, Yourui"]
[Black "Gadhia, Sai"]
[Result "1-0"]
[WhiteElo "1270"]
[BlackElo "775"]
[PlyCount "55"]
[EventDate "2020.04.30"]
[WhiteTeam "Ojays G"]
[BlackTeam "Blue Foxes 2"]

1. e4 e5 2. Nf3 Nc6 3. d4 Nf6 4. Nc3 exd4 5. Nxd4 Nxd4 6. Qxd4 c5 7. Qd1 d5 8.
exd5 Bg4 9. f3 Bf5 10. Bb5+ Ke7 11. Bg5 h6 12. Bxf6+ Kxf6 13. Qd2 Qe8+ 14. Bxe8
Rxe8+ 15. Ne2 b5 16. O-O-O a5 17. Nf4 g5 18. Qc3+ Ke7 19. Qxc5+ Kf6 20. Qd4+
Re5 21. Qb6+ Re6 22. Nxe6 fxe6 23. dxe6 Kg6 24. e7+ Kh5 25. e8=Q+ Kh4 26. g3+
Kh3 27. Qh5+ Kg2 28. Qg1# 1-0

[Event "Junior Online 4NCL Division 5"]
[Site "online"]
[Date "2020.04.30"]
[Round "3.95"]
[White "Agarwal, Avi"]
[Black "Israni, Ishita"]
[Result "0-1"]
[WhiteElo "737"]
[BlackElo "306"]
[PlyCount "46"]
[EventDate "2020.04.30"]
[WhiteTeam "Uxbridge Juniors B2"]
[BlackTeam "East Kilbride Rooks"]

1. d4 Nc6 2. e4 Nf6 3. Nc3 e5 4. Nf3 d6 5. Bb5 a6 6. Ba4 Be6 7. Bg5 h6 8. Be3
Be7 9. Ke2 Bc4+ 10. Ke1 O-O 11. Nd5 Nxe4 12. b3 Bxd5 13. dxe5 dxe5 14. c4 Bb4+
15. Ke2 Nc3+ 16. Kf1 Nxd1 17. Rxd1 b5 18. cxb5 axb5 19. Bxb5 Rxa2 20. Bxc6 Bxb3
21. Rd5 Bc4+ 22. Kg1 Ra1+ 23. Ne1 Rxe1# 0-1

[Event "Junior Online 4NCL Division 5"]
[Site "online"]
[Date "2020.04.30"]
[Round "3.96"]
[White "Biswas, Snigdha"]
[Black "Tang, Kei Hon"]
[Result "1-0"]
[WhiteElo "300"]
[BlackElo "775"]
[PlyCount "73"]
[EventDate "2020.04.30"]
[WhiteTeam "East Kilbride Rooks"]
[BlackTeam "Uxbridge Juniors B2"]

1. e4 Nc6 2. Nc3 Nf6 3. Nf3 e5 4. Bc4 d6 5. d3 h6 6. O-O g5 7. h3 Nd4 8. Nxd4
exd4 9. Nd5 c6 10. Nxf6+ Qxf6 11. a4 a5 12. Qe1 h5 13. b4 axb4 14. Qxb4 c5 15.
Qe1 g4 16. hxg4 hxg4 17. Bd2 Rh4 18. g3 Rh3 19. Qe3 dxe3 20. Bxe3 Qc3 21. Rac1
Bg7 22. Rb1 Qxc2 23. Rbc1 Qxa4 24. Ra1 Qc2 25. Rxa8 Kd7 26. Raa1 Qxd3 27. Bxd3
Bxa1 28. Rxa1 f6 29. Rd1 Kc6 30. Bf4 d5 31. exd5+ Kxd5 32. Bf5+ Kc6 33. Bxc8
Rh5 34. Bxg4 Rh4 35. gxh4 Kb6 36. h5 Kc6 37. h6 1-0

[Event "Junior Online 4NCL Division 5"]
[Site "online"]
[Date "2020.04.30"]
[Round "3.97"]
[White "Degun, Rubind"]
[Black "Bhattacharjee, Aaditya"]
[Result "0-1"]
[WhiteElo "737"]
[BlackElo "250"]
[PlyCount "70"]
[EventDate "2020.04.30"]
[WhiteTeam "Uxbridge Juniors B2"]
[BlackTeam "East Kilbride Rooks"]

1. d4 d5 2. Bf4 Nc6 3. Qd3 Nf6 4. Nc3 Bg4 5. f3 Bh5 6. g4 Bg6 7. Qd1 e6 8. Nh3
Nd7 9. Ng5 Qe7 10. Nh3 Qd8 11. Bg5 f6 12. Bh4 Bb4 13. a3 Bxc3+ 14. bxc3 O-O 15.
Qb1 Na5 16. e3 Nb3 17. Qxb3 e5 18. Qxb7 Rb8 19. Qxd5+ Bf7 20. Qb5 Rxb5 21. Bxb5
Nb6 22. g5 Qd5 23. c4 Qxf3 24. Rf1 Qxh3 25. gxf6 g6 26. Rg1 Qxe3+ 27. Kf1 Nxc4
28. Bxc4 Bxc4+ 29. Kg2 Qd2+ 30. Kh1 Qxd4 31. Rge1 Qxh4 32. Rxe5 Rxf6 33. Re8+
Kf7 34. Rc8 Bd5+ 35. Kg1 Qg4# 0-1

[Event "Junior Online 4NCL Division 5"]
[Site "online"]
[Date "2020.04.30"]
[Round "3.98"]
[White "Vinodh, Sampriti"]
[Black "Watson, Lewis"]
[Result "1/2-1/2"]
[WhiteElo "200"]
[BlackElo "737"]
[PlyCount "66"]
[EventDate "2020.04.30"]
[WhiteTeam "East Kilbride Rooks"]
[BlackTeam "Uxbridge Juniors B2"]

1. e4 d5 2. Nc3 dxe4 3. Nxe4 Nh6 4. Nf3 Nc6 5. Bc4 e6 6. O-O e5 7. d3 Bg4 8.
Bxh6 Bxf3 9. Qxf3 gxh6 10. Qh3 Rc8 11. Rad1 Nd4 12. Rc1 b6 13. c3 Ne2+ 14. Kh1
Rg8 15. Rce1 Nf4 16. Qg3 Ne6 17. Qxg8 Ke7 18. Qxh7 Bg7 19. Qf5 Nf4 20. Rd1 Ng6
21. Ba6 Rb8 22. Qf3 Ke6 23. d4 exd4 24. cxd4 Bxd4 25. Bc4+ Ke7 26. b4 Qd7 27.
Nf6 Ne5 28. Qe4 Kxf6 29. Qf4+ Ke7 30. Qxh6 Qf5 31. Qd2 Nxc4 32. Qxd4 Ne3 33.
Qxe3+ Kf6 1/2-1/2

[Event "Junior Online 4NCL Division 5"]
[Site "online"]
[Date "2020.04.30"]
[Round "3.99"]
[White "Israni, Ishita"]
[Black "Agarwal, Avi"]
[Result "1-0"]
[WhiteElo "306"]
[BlackElo "737"]
[PlyCount "139"]
[EventDate "2020.04.30"]
[WhiteTeam "East Kilbride Rooks"]
[BlackTeam "Uxbridge Juniors B2"]

1. e4 e5 2. Nf3 Nc6 3. Nc3 Nf6 4. Bc4 d6 5. O-O Bg4 6. d3 Be7 7. h3 Be6 8. Be3
Qd7 9. Qe2 O-O-O 10. Rad1 Nb4 11. a3 Nc6 12. d4 Nxd4 13. Nxd4 exd4 14. Rxd4 Qc6
15. Bb5 Qb6 16. Rb4 c5 17. Ra4 d5 18. Bxc5 Qxc5 19. Rb4 d4 20. Na4 Qb6 21.
Nxb6+ axb6 22. e5 Bxb4 23. exf6 Bf8 24. fxg7 Bxg7 25. Qd3 Rd5 26. Qb3 Rc5 27.
Qb4 Rxc2 28. Qxd4 Bxd4 29. Rd1 Rd8 30. Rd3 Rc1+ 31. Kh2 Be5+ 32. g3 Rxd3 33.
Bxd3 Bc4 34. Bxh7 Rc2 35. Bf5+ Kc7 36. Bxc2 b5 37. b3 Bd5 38. h4 f5 39. Bxf5 b6
40. h5 Bg7 41. Bd3 Kc6 42. a4 b4 43. g4 Bxb3 44. g5 Bxa4 45. h6 Bh8 46. g6 Kd6
47. g7 Bxg7 48. hxg7 b3 49. g8=Q b2 50. Qg6+ Kc7 51. Qf7+ Kc6 52. Qf3+ Kc7 53.
Qf4+ Kc6 54. Qxa4+ Kc7 55. Qh4 b1=Q 56. Bxb1 b5 57. f4 b4 58. f5 Kd7 59. f6 Ke8
60. Qh8+ Kf7 61. Be4 b3 62. Qh7+ Ke6 63. f7 b2 64. f8=R Ke5 65. Bb1 Kd5 66. Rf4
Kc6 67. Qh5 Kb6 68. Rf6+ Ka7 69. Qh7+ Kb8 70. Rf8# 1-0

[Event "Junior Online 4NCL Division 5"]
[Site "online"]
[Date "2020.04.30"]
[Round "3.100"]
[White "Tang, Kei Hon"]
[Black "Biswas, Snigdha"]
[Result "0-1"]
[WhiteElo "775"]
[BlackElo "300"]
[PlyCount "34"]
[EventDate "2020.04.30"]
[WhiteTeam "Uxbridge Juniors B2"]
[BlackTeam "East Kilbride Rooks"]

1. Nf3 Nf6 2. d4 d5 3. Nc3 Nc6 4. a3 e6 5. b4 Be7 6. g4 O-O 7. h3 Ne4 8. Nxe4
dxe4 9. Ne5 Nxd4 10. e3 Nc6 11. Qd4 Nxd4 12. exd4 Qxd4 13. Nd3 Qxa1 14. Kd1 a5
15. bxa5 Bxa3 16. Ke2 Bxc1 17. Ne5 Rxa5 0-1

[Event "Junior Online 4NCL Division 5"]
[Site "online"]
[Date "2020.04.30"]
[Round "3.101"]
[White "Bhattacharjee, Aaditya"]
[Black "Degun, Rubind"]
[Result "1-0"]
[WhiteElo "250"]
[BlackElo "737"]
[PlyCount "59"]
[EventDate "2020.04.30"]
[WhiteTeam "East Kilbride Rooks"]
[BlackTeam "Uxbridge Juniors B2"]

1. e4 e5 2. Nf3 Nc6 3. Nc3 Nf6 4. Bc4 Bb4 5. O-O h5 6. a3 Bc5 7. Ng5 Rh6 8.
Nxf7 Ne7 9. Nxd8 Kxd8 10. d3 Ng4 11. Qe2 Rf6 12. Nd1 d6 13. h3 Nh6 14. Ne3 Bxe3
15. Qxe3 h4 16. Qg5 Bf5 17. exf5 Nexf5 18. Qxg7 Rf8 19. Qxf8+ Kd7 20. Qxa8 Ke7
21. Bxh6 Kf6 22. Qf8+ Kg6 23. Rae1 Kh5 24. Qxf5+ Kxh6 25. Re4 c5 26. Rxh4+ Kg7
27. Rg4+ Kh6 28. Qf8+ Kh5 29. Rg7 Kh4 30. Qh8# 1-0

[Event "Junior Online 4NCL Division 5"]
[Site "online"]
[Date "2020.04.30"]
[Round "3.105"]
[White "Santhosh, Alwis Joe"]
[Black "Patel, Isabella"]
[Result "1-0"]
[WhiteElo "1217"]
[BlackElo "1195"]
[PlyCount "91"]
[EventDate "2020.04.30"]
[WhiteTeam "Ojays H"]
[BlackTeam "May the Fork Be With You 3"]

1. e4 e5 2. Nf3 Nc6 3. Bc4 Be7 4. d3 Nf6 5. Ng5 O-O 6. Nf3 d6 7. h3 h6 8. Be3
Re8 9. Nc3 a6 10. a4 Nb4 11. Qd2 c6 12. Nd1 b5 13. axb5 cxb5 14. Bxb5 Nd7 15.
Qxb4 d5 16. Qd2 Rf8 17. Bxd7 Bxd7 18. Nxe5 Be6 19. Nc3 d4 20. Bxd4 Qxd4 21. Nc6
Qd7 22. Ne5 Qd6 23. Nf3 Rfd8 24. e5 Qb6 25. O-O Bb4 26. Rfe1 Rd6 27. Qe2 Bd7
28. Reb1 Rg6 29. Nd5 Qe6 30. Nf4 Qe8 31. Nxg6 fxg6 32. c3 Bc5 33. d4 Bb6 34. c4
Be6 35. d5 Bf5 36. Rd1 Bc7 37. d6 Bb6 38. b4 Rb8 39. c5 Ba7 40. Qxa6 Ra8 41.
Qc4+ Be6 42. Qd4 g5 43. d7 Bxd7 44. Qxd7 Qh5 45. Rxa7 Rf8 46. Qxg7# 1-0

[Event "Junior Online 4NCL Division 5"]
[Site "online"]
[Date "2020.04.30"]
[Round "3.106"]
[White "Durling, Charlie"]
[Black "Wang, Yile"]
[Result "1-0"]
[WhiteElo "1105"]
[BlackElo "1127"]
[PlyCount "45"]
[EventDate "2020.04.30"]
[WhiteTeam "May the Fork Be With You 3"]
[BlackTeam "Ojays H"]

1. d4 d5 2. c4 c6 3. Nc3 Nf6 4. Nf3 e6 5. Bg5 Bb4 6. a3 Be7 7. c5 b6 8. cxb6
Qxb6 9. Rb1 Nbd7 10. e3 Qc7 11. g3 e5 12. Nxe5 Nxe5 13. dxe5 Qxe5 14. Bf4 Qe6
15. Bg2 Ba6 16. Qa4 Bd3 17. Rd1 Be4 18. Bxe4 Nxe4 19. Nxe4 Qxe4 20. Qxc6+ Kf8
21. Qxa8+ Bd8 22. Qxd8+ Qe8 23. Bd6+ 1-0

[Event "Junior Online 4NCL Division 5"]
[Site "online"]
[Date "2020.04.30"]
[Round "3.107"]
[White "Terrado, Rhianne"]
[Black "Barbier-Ramaiah, Rohan Theo"]
[Result "0-1"]
[WhiteElo "1120"]
[BlackElo "1052"]
[PlyCount "82"]
[EventDate "2020.04.30"]
[WhiteTeam "Ojays H"]
[BlackTeam "May the Fork Be With You 3"]

1. e4 e5 2. Bc4 Nf6 3. Nc3 Nc6 4. Nf3 Be7 5. Ng5 O-O 6. d3 d6 7. Qf3 Bg4 8. Qg3
h6 9. Nh3 Nd4 10. O-O Nxc2 11. Rb1 Be2 12. Bxh6 Ng4 13. Bd2 Bh4 14. Bg5 Bxg5
15. Nxg5 Qxg5 16. h3 Bxf1 17. Rxf1 Qd2 18. Qxg4 Ne3 19. Qg3 Nxf1 20. Kxf1 Qxb2
21. Nd1 Qc1 22. Qf3 g6 23. d4 Qxc4+ 24. Kg1 Qxd4 25. Ne3 Qa1+ 26. Nf1 Qxa2 27.
Qg4 a5 28. h4 a4 29. h5 Kg7 30. Ng3 Qb1+ 31. Kh2 a3 32. Nf5+ Kh7 33. hxg6+ fxg6
34. Qh4+ Kg8 35. Nh6+ Kg7 36. Qg5 Qxe4 37. Ng4 Qf4+ 38. g3 Qxg5 39. f3 Rxf3 40.
Kh3 a2 41. Nh2 Qxg3# 0-1

[Event "Junior Online 4NCL Division 5"]
[Site "online"]
[Date "2020.04.30"]
[Round "3.108"]
[White "Tager, Maya"]
[Black "Rivera Machens, Rafael"]
[Result "0-1"]
[WhiteElo "1090"]
[BlackElo "1067"]
[PlyCount "74"]
[EventDate "2020.04.30"]
[WhiteTeam "May the Fork Be With You 3"]
[BlackTeam "Ojays H"]

1. e3 d5 2. Nf3 e6 3. d3 Nf6 4. Bd2 Bd7 5. Nc3 Bb4 6. d4 c5 7. g3 Nc6 8. Bg2
O-O 9. O-O Rc8 10. Re1 cxd4 11. exd4 Bxc3 12. Bxc3 Ne4 13. a3 Nxc3 14. bxc3 Ne7
15. Ne5 Rxc3 16. Re3 Rxe3 17. fxe3 Nf5 18. Qe1 f6 19. Ng4 Qc7 20. Bf1 Qxc2 21.
Rc1 Qa4 22. Qc3 Rc8 23. Qb2 Rxc1 24. Qxc1 Qc6 25. Qb2 h5 26. Nxf6+ gxf6 27. Qf2
e5 28. dxe5 fxe5 29. Bh3 Qc1+ 30. Bf1 Qxe3 31. Bg2 Qxf2+ 32. Kxf2 d4 33. Be4
Nd6 34. Bd5+ Kf8 35. h4 d3 36. Ke3 e4 37. Kd2 Ke7 0-1

[Event "Junior Online 4NCL Division 5"]
[Site "online"]
[Date "2020.04.30"]
[Round "3.109"]
[White "Patel, Isabella"]
[Black "Santhosh, Alwis Joe"]
[Result "0-1"]
[WhiteElo "1195"]
[BlackElo "1217"]
[PlyCount "66"]
[EventDate "2020.04.30"]
[WhiteTeam "May the Fork Be With You 3"]
[BlackTeam "Ojays H"]

1. d4 Nf6 2. Bf4 e6 3. e3 d5 4. Nf3 c5 5. b3 a6 6. Bd3 Nc6 7. Nbd2 Bd7 8. O-O
Qb6 9. Rb1 cxd4 10. exd4 Nxd4 11. Nh4 h6 12. c3 Nc6 13. Be3 d4 14. cxd4 Nxd4
15. Nhf3 Bc5 16. b4 Nxf3+ 17. Nxf3 Bxe3 18. Re1 Bxf2+ 19. Kf1 Bxe1 20. Nxe1 Nd5
21. Ke2 Nc3+ 22. Kd2 Nxd1 23. Rxd1 Ba4 24. Rc1 Qf2+ 25. Kc3 Rc8+ 26. Bc4 Qe3+
27. Kb2 Qd2+ 28. Kb1 Rxc4 29. Rxc4 Qxe1+ 30. Kb2 Qe2+ 31. Kb1 Qxc4 32. Kb2 Qc2+
33. Ka1 Qc1# 0-1

[Event "Junior Online 4NCL Division 5"]
[Site "online"]
[Date "2020.04.30"]
[Round "3.110"]
[White "Wang, Yile"]
[Black "Durling, Charlie"]
[Result "0-1"]
[WhiteElo "1127"]
[BlackElo "1105"]
[PlyCount "54"]
[EventDate "2020.04.30"]
[WhiteTeam "Ojays H"]
[BlackTeam "May the Fork Be With You 3"]

1. e4 e6 2. d4 d5 3. Nc3 dxe4 4. Nxe4 Nc6 5. Nf3 Nf6 6. Bd3 Nxd4 7. Nxd4 Qxd4
8. Nxf6+ Qxf6 9. Be3 Qe5 10. Qf3 Bd6 11. O-O-O O-O 12. Qh3 g6 13. f4 Qf6 14.
Rhf1 a5 15. g4 a4 16. f5 exf5 17. gxf5 a3 18. fxg6 Qxb2+ 19. Kd2 Bxh3 20. gxh7+
Kh8 21. Rg1 Bb4+ 22. Ke2 Bd6 23. Bb5 Qxb5+ 24. Rd3 Qh5+ 25. Kd2 Bb4+ 26. c3
Rad8 27. Bd4+ Kxh7 0-1

[Event "Junior Online 4NCL Division 5"]
[Site "online"]
[Date "2020.04.30"]
[Round "3.111"]
[White "Barbier-Ramaiah, Rohan Theo"]
[Black "Terrado, Rhianne"]
[Result "0-1"]
[WhiteElo "1052"]
[BlackElo "1120"]
[PlyCount "27"]
[EventDate "2020.04.30"]
[WhiteTeam "May the Fork Be With You 3"]
[BlackTeam "Ojays H"]

1. d4 d5 2. c4 Nf6 3. cxd5 Nxd5 4. e4 Nf6 5. Nc3 Nc6 6. d5 Ne5 7. Bb5+ Bd7 8.
Qa4 c6 9. Bf4 cxb5 10. Nxb5 Nd3+ 11. Ke2 Nxf4+ 12. Kf3 Ng6 13. Qc4 Ne5+ 14. Kf4
0-1

[Event "Junior Online 4NCL Division 5"]
[Site "online"]
[Date "2020.04.30"]
[Round "3.112"]
[White "Rivera Machens, Rafael"]
[Black "Tager, Maya"]
[Result "1-0"]
[WhiteElo "1067"]
[BlackElo "1090"]
[PlyCount "67"]
[EventDate "2020.04.30"]
[WhiteTeam "Ojays H"]
[BlackTeam "May the Fork Be With You 3"]

1. e4 e5 2. Nf3 Nc6 3. Bc4 Be7 4. O-O Nf6 5. d3 h6 6. Nc3 O-O 7. Be3 d6 8. Nd5
Bd7 9. Nxe7+ Qxe7 10. Re1 Rfe8 11. h3 a6 12. Rc1 b5 13. Bd5 Rac8 14. c4 Nb4 15.
a3 Na2 16. Ra1 bxc4 17. Bxc4 Nb4 18. axb4 Rb8 19. Bd2 c5 20. Bxa6 cxb4 21. Bc4
Red8 22. Bb3 Bc6 23. Ba4 Bb7 24. Bxb4 Qc7 25. Bb3 Bc6 26. Ba5 Qc8 27. Bxd8 Qxd8
28. Bc2 Rb3 29. Bxb3 Qe7 30. Qc2 Qd7 31. d4 exd4 32. Nxd4 Bxe4 33. Rxe4 Nxe4
34. Qxe4 1-0

[Event "Junior Online 4NCL Division 5"]
[Site "online"]
[Date "2020.05.07"]
[Round "4.11"]
[White "Hand, Joseph"]
[Black "Patel, Zain"]
[Result "0-1"]
[WhiteElo "1092"]
[BlackElo "1472"]
[PlyCount "70"]
[EventDate "2020.05.07"]
[WhiteTeam "St Benildus 1"]
[BlackTeam "Hammersmith 2"]

1. e4 c5 2. Nf3 d6 3. d4 cxd4 4. Nxd4 Nf6 5. Nc3 a6 6. Bf4 e5 7. Bg5 exd4 8.
Qxd4 Nc6 9. Qd3 Be7 10. Nd5 Nxd5 11. Qxd5 Bxg5 12. Bc4 Qf6 13. O-O O-O 14. Rfe1
Qxb2 15. Qxg5 Nd4 16. Bd3 Nxc2 17. Bxc2 Qxc2 18. Re3 b5 19. Rg3 Qb2 20. Rd1 Ra7
21. h3 f6 22. Qd5+ Kh8 23. Qxd6 Rg8 24. Qd8 Qxa2 25. Qb6 Rb7 26. Qc6 Qe6 27.
Rd6 Qe8 28. Rxf6 gxf6 29. Qxf6+ Rbg7 30. f4 Qf8 31. Qe5 Qf7 32. h4 Qa7+ 33. Kh2
Rf8 34. h5 h6 35. Qf6 Rxf6 0-1

[Event "Junior Online 4NCL Division 5"]
[Site "online"]
[Date "2020.05.07"]
[Round "4.12"]
[White "Ward, Cian"]
[Black "Liu, Wenle"]
[Result "1/2-1/2"]
[WhiteElo "1465"]
[BlackElo "1069"]
[PlyCount "107"]
[EventDate "2020.05.07"]
[WhiteTeam "Hammersmith 2"]
[BlackTeam "St Benildus 1"]

1. e4 e5 2. Nf3 Nc6 3. d4 exd4 4. Nxd4 Nxd4 5. Qxd4 d6 6. Nc3 Nf6 7. Bg5 Be7 8.
O-O-O O-O 9. f3 c5 10. Qd2 h6 11. Bxf6 Bxf6 12. Qxd6 Qxd6 13. Rxd6 Be6 14. Be2
Rad8 15. Rxd8 Rxd8 16. a3 a6 17. Rd1 Rxd1+ 18. Kxd1 Kf8 19. Kd2 b5 20. b3 Ke8
21. a4 b4 22. Nd5 Bxd5 23. exd5 a5 24. Kd3 Kd7 25. Kc4 Kd6 26. Bd3 Bd4 27. Be4
Bf6 28. h3 g5 29. Kb5 Bd8 30. Kc4 f6 31. c3 Bc7 32. Kb5 bxc3 33. Kc4 Bb6 34.
Kxc3 Bd8 35. Kc4 Bc7 36. Kb5 Bd8 37. Ka6 Ke5 38. Kb5 Kd6 39. g3 h5 40. Bg6 h4
41. gxh4 gxh4 42. Be4 Bc7 43. Kc4 Bd8 44. Bf5 Ke5 45. Be4 Kd6 46. Kb5 Bc7 47.
Ka6 Bd8 48. Kb7 Be7 49. Kb6 Bd8+ 50. Kb5 Bc7 51. Kc4 Bd8 52. Kb5 Bc7 53. Ka6
Bd8 54. Kb5 1/2-1/2

[Event "Junior Online 4NCL Division 5"]
[Site "online"]
[Date "2020.05.07"]
[Round "4.13"]
[White "Bueckert, Diana"]
[Black "Hatem, Mika"]
[Result "1-0"]
[WhiteElo "965"]
[BlackElo "1450"]
[PlyCount "79"]
[EventDate "2020.05.07"]
[WhiteTeam "St Benildus 1"]
[BlackTeam "Hammersmith 2"]

1. f4 f5 2. b3 Nf6 3. Nf3 b6 4. e3 Bb7 5. Be2 e6 6. Bb2 Nc6 7. O-O Be7 8. Ne5
O-O 9. d3 Qe8 10. Qe1 Nxe5 11. Bxe5 Qg6 12. Bf3 Bxf3 13. Rxf3 d6 14. Bb2 c5 15.
Rg3 Qh6 16. Nd2 Rad8 17. Qf2 Kh8 18. e4 fxe4 19. dxe4 e5 20. fxe5 Nxe4 21.
Qxf8+ Rxf8 22. Nxe4 dxe5 23. Bxe5 Bf6 24. Nxf6 gxf6 25. Bc3 Rg8 26. Rf3 Rf8 27.
Raf1 Kg8 28. Bxf6 Qd2 29. Rg3+ Kf7 30. Rg7+ Ke8 31. Re7+ Kd8 32. Re2+ Kc8 33.
Rxd2 Re8 34. Rfd1 Kb7 35. Rd7+ Ka6 36. Rxh7 Rf8 37. Bb2 Re8 38. c4 Rf8 39. Rdd7
Ra8 40. h4 1-0

[Event "Junior Online 4NCL Division 5"]
[Site "online"]
[Date "2020.05.07"]
[Round "4.14"]
[White "Harb, Laith A"]
[Black "Bueckert, Lucy"]
[Result "0-1"]
[WhiteElo "1390"]
[BlackElo "819"]
[PlyCount "158"]
[EventDate "2020.05.07"]
[WhiteTeam "Hammersmith 2"]
[BlackTeam "St Benildus 1"]

1. d4 c6 2. c4 d6 3. Nc3 Bf5 4. Bg5 Qb6 5. Qd2 Na6 6. a3 Qb3 7. Nf3 Be6 8. d5
Bd7 9. e3 e5 10. dxe6 Bxe6 11. Qe2 Nc5 12. Nd4 Qb6 13. Nxe6 Nxe6 14. Bh4 g6 15.
Qf3 Qxb2 16. Qd1 Qxc3+ 17. Ke2 Qxc4+ 18. Ke1 Qxh4 19. Rb1 Nc5 20. Qc2 b6 21.
Qb2 Qf6 22. Qxf6 Nxf6 23. Bc4 Bg7 24. Ke2 Nce4 25. Ke1 Ng4 26. f3 Bc3+ 27. Ke2
Nd2 28. Rbc1 Nxc4 29. Rxc3 Nge5 30. f4 Nd7 31. Rxc4 Nc5 32. Rd1 Rd8 33. Rcd4 d5
34. Kf3 O-O 35. h3 Rfe8 36. g4 Nb3 37. R4d3 Nc5 38. Rd4 Rd6 39. f5 gxf5 40.
gxf5 Re4 41. Rxe4 dxe4+ 42. Ke2 Rxd1 43. Kxd1 Kf8 44. Ke2 Ke7 45. Kf2 Kf6 46.
Kg3 Kxf5 47. h4 Nd3 48. a4 Nc5 49. a5 bxa5 50. h5 Kg5 51. Kf2 Kxh5 52. Ke2 a4
53. Kd2 a3 54. Kc2 a2 55. Kb2 a1=Q+ 56. Kxa1 Kg4 57. Kb2 Kf3 58. Kc2 Kxe3 59.
Kd1 a5 60. Ke1 a4 61. Kd1 a3 62. Kc1 Nb3+ 63. Kb1 Nd4 64. Ka2 h5 65. Kxa3 h4
66. Kb2 h3 67. Kc1 h2 68. Kb2 h1=Q 69. Ka3 Qa1+ 70. Kb4 Qc1 71. Ka5 Nb3+ 72.
Kb6 Qc5+ 73. Kc7 Qe5+ 74. Kxc6 Kd4 75. Kb7 Qd6 76. Ka7 Qc6 77. Kb8 Kc5 78. Ka7
Na5 79. Kb8 Qb7# 0-1

[Event "Junior Online 4NCL Division 5"]
[Site "online"]
[Date "2020.05.07"]
[Round "4.15"]
[White "Patel, Zain"]
[Black "Hand, Joseph"]
[Result "1-0"]
[WhiteElo "1472"]
[BlackElo "1092"]
[PlyCount "37"]
[EventDate "2020.05.07"]
[WhiteTeam "Hammersmith 2"]
[BlackTeam "St Benildus 1"]

1. e4 e5 2. Nf3 Nc6 3. Bc4 Bc5 4. b4 Bxb4 5. c3 Ba5 6. d4 exd4 7. O-O dxc3 8.
Qb3 Qe7 9. Nxc3 Bxc3 10. Qxc3 Nf6 11. e5 Ne4 12. Qe3 Nc5 13. Ba3 d6 14. Ng5
Nxe5 15. Bxc5 dxc5 16. Rfe1 f6 17. Nf7 O-O 18. Nxe5+ Kh8 19. Nf7+ 1-0

[Event "Junior Online 4NCL Division 5"]
[Site "online"]
[Date "2020.05.07"]
[Round "4.16"]
[White "Liu, Wenle"]
[Black "Ward, Cian"]
[Result "1-0"]
[WhiteElo "1069"]
[BlackElo "1465"]
[PlyCount "120"]
[EventDate "2020.05.07"]
[WhiteTeam "St Benildus 1"]
[BlackTeam "Hammersmith 2"]

1. e4 e5 2. Nf3 Nc6 3. Bc4 Bc5 4. c3 Nf6 5. d4 exd4 6. cxd4 Bb4+ 7. Nc3 Nxe4 8.
O-O Bxc3 9. bxc3 d5 10. Bb3 O-O 11. Ba3 Re8 12. Rc1 Bg4 13. h3 Bxf3 14. Qxf3
Nd2 15. Qd3 Nxf1 16. Rxf1 Na5 17. Bc2 g6 18. f4 Nc4 19. Bc1 f5 20. Qg3 Kf8 21.
Qf2 Kf7 22. g4 Rg8 23. Kh1 fxg4 24. f5 g5 25. hxg4 h6 26. Qh2 Qd6 27. Qh5+ Kf8
28. f6 Rh8 29. Qg6 Rg8 30. Qxh6+ Ke8 31. f7+ Kd7 32. Ba4+ c6 33. Qxd6+ Kxd6 34.
fxg8=Q Rxg8 35. Bb3 Kd7 36. Bxc4 dxc4 37. Kg2 Kd6 38. Rf5 Ke6 39. Rxg5 Rxg5 40.
Bxg5 Kd5 41. Bf6 c5 42. g5 cxd4 43. g6 Ke6 44. Bxd4 b6 45. g7 Kf7 46. Kf3 Kg8
47. Ke4 Kf7 48. Kd5 Kg8 49. Kxc4 Kf7 50. Kb5 Kg8 51. Ka6 Kf7 52. Kxa7 b5 53.
Kb6 b4 54. cxb4 Kg8 55. a4 Kf7 56. a5 Kg8 57. a6 Kf7 58. a7 Ke7 59. g8=N+ Kf7
60. a8=Q Kg6 1-0